Družstevný predaj má budúcnosť všade

Spotrebné družstevníctvo vo svete má svoju dlhodobú históriu. Spotrebné družstvá vznikali na ochranu svojich členov, ktorí si zaplatili členský podiel, ktorý im prinášal niektoré výhody. História vzniku spotrebných družstiev. Z histórie po súčasnosť. Medzinárodná kooperácia.

Guardado en:
Detalles Bibliográficos
Autor principal: Brnčal, Miloš
Formato: Capítulo de libro
Lenguaje:eslovaco
Materias:
Etiquetas: Agregar Etiqueta
Sin Etiquetas, Sea el primero en etiquetar este registro!

MARC

LEADER 00000naa a2200000 4500
001 r049692
005 20230927091901.2
041 0 |a slo 
044 |a SK 
245 1 0 |a Družstevný predaj má budúcnosť všade  |c Miloš Brnčal 
520 |a Spotrebné družstevníctvo vo svete má svoju dlhodobú históriu. Spotrebné družstvá vznikali na ochranu svojich členov, ktorí si zaplatili členský podiel, ktorý im prinášal niektoré výhody. História vzniku spotrebných družstiev. Z histórie po súčasnosť. Medzinárodná kooperácia. 
610 2 0 |a družstvá spotrebné 
610 2 0 |a história 
610 2 0 |a vývoj 
610 2 0 |a predaj 
610 2 0 |a kooperácia hospodárska medzinárodná 
100 1 |a Brnčal, Miloš